New horizons in stress managemenyt / (Record no. 160450)

MARC details
000 -LEADER
fixed length control field 00680nam a22001937a 4500
005 - DATE AND TIME OF LATEST TRANSACTION
control field 20190213111749.0
010 ## - LCCN (DPL NO)
LC control number ENG-124700
020 ## - INTERNATIONAL STANDARD BOOK NUMBER
International Standard Book Number 9788191065138
Terms of availability 400.00
035 ## - SYSTEM CONTROL NUMBER
System control number EN-108232
037 ## - SOURCE OF ACQUISITION
Source of stock number/acquisition DBAD/PUB
082 ## - DEWEY DECIMAL CLASSIFICATION NUMBER
Classification number 155.9042
245 ## - TITLE STATEMENT
Title New horizons in stress managemenyt /
Statement of responsibility, etc ed. by Sadiqur Razaque,Enaytullah [and] R.P.Singh
260 ## - PUBLICATION, DISTRIBUTION, ETC. (IMPRINT)
Place of publication, distribution, etc New Delhi
Name of publisher, distributor, etc Ayushaman Publication House
Date of publication, distribution, etc 2011
270 ## - ADDRESS
Address 352/D2 Ajit Bhawan Munirka,Near J.N.U.Main Gate.
City New Delhi
Postal code 110067
Telephone number 011-7503176725,9555936935
Electronic mail address ayushmanpubhouse@gmai.com
300 ## - PHYSICAL DESCRIPTION
Extent 166 p.
Dimensions 21cm.(Hb)
700 ## - ADDED ENTRY--PERSONAL NAME
Personal name Enaytullah
710 ## - ADDED ENTRY--CORPORATE NAME
Corporate name or jurisdiction name as entry element R.P Singh
942 ## - ADDED ENTRY ELEMENTS (KOHA)
Source of classification or shelving scheme Dewey Decimal Classification
Item type English Books
Call number suffix NEW
Classification part 155.9042
Holdings
Withdrawn status Lost status Not for loan Collection code Home library Current library Date acquired Source of acquisition Cost, normal purchase price Full call number Barcode Copy number Cost, replacement price Koha item type
    Not For Loan Non-fiction D.B.Act.Division Patel Nagar 30/01/2019 DBAD/PUB 400.00 155.9042 NEW EN-108232 1 400.00 English Books

© Delhi Public Library
Hit Counter
free hit counter